书目信息 |
| 题名: |
灵魂兄弟
|
|
| 作者: | 迪奥普 著 ;高方 译 | |
| 分册: | ||
| 出版信息: | 北京 人民文学出版社 2020.01 |
|
| 页数: | 138页 | |
| 开本: | 20cm | |
| 丛书名: | ||
| 单 册: | ||
| 中图分类: | I565.45 | |
| 科图分类: | ||
| 主题词: | 中篇小说--zhong pian xiao shuo--法国--现代 | |
| 电子资源: | ||
| ISBN: | 978-7-02-015674-0 | |
| 000 | 01047nam0 2200265 450 | |
| 001 | 2455527905 | |
| 005 | 20241108152606.84 | |
| 010 | @a978-7-02-015674-0@dCNY32.00 | |
| 100 | @a20191203d2020 em y0chiy50 ea | |
| 101 | 1 | @achi@cfre |
| 102 | @aCN@b110000 | |
| 105 | @ay z 000ay | |
| 200 | 1 | @a灵魂兄弟@Aling hun xiong di@f(法) 达维德·迪奥普著@d= Frère d'ame@fDavid Diop@g高方译@zfre |
| 210 | @a北京@c人民文学出版社@d2020.01 | |
| 215 | @a138页@d20cm | |
| 300 | @a99读书人 | |
| 314 | @a达维德·迪奥普, 现在坡城大学担任讲师。高方, 南京大学法语系教授。 | |
| 330 | @a……我知道, 我明白, 我本不该那样做。我, 阿尔法·恩迪亚耶, 老人的儿子, 我明白, 我本不该那样做。按照安拉的真意, 现在, 我知道了。我的思想只属于我自己, 我可以想我所想。不过, 我不会说出来…… | |
| 500 | 10 | @aFrère d'ame@mChinese |
| 606 | 0 | @a中篇小说@Azhong pian xiao shuo@y法国@z现代 |
| 690 | @aI565.45@v5 | |
| 701 | 1 | @a迪奥普@Adi ao pu@g(Diop, David),@f1966-@4著 |
| 702 | 0 | @a高方@Agao fang@4译 |
| 801 | 0 | @aCN@b河南城建学院图书馆@c20201025 |
| 905 | @dI565.45@eD371 | |
| 灵魂兄弟/(法) 达维德·迪奥普著= Frère d'ame/David Diop/高方译.-北京:人民文学出版社,2020.01 |
| 138页;20cm |
| 99读书人 |
| ISBN 978-7-02-015674-0:CNY32.00 |
| ……我知道, 我明白, 我本不该那样做。我, 阿尔法·恩迪亚耶, 老人的儿子, 我明白, 我本不该那样做。按照安拉的真意, 现在, 我知道了。我的思想只属于我自己, 我可以想我所想。不过, 我不会说出来…… |
| ● |
| 相关链接 |
|
|
|
正题名:灵魂兄弟
索取号:I565.45/D371
 
预约/预借
| 序号 | 登录号 | 条形码 | 馆藏地/架位号 | 状态 | 备注 |
| 1 | 1553387 | 215533876 | 文学库116/116文学库 24排1列6层/ [索取号:I565.45/D371] | 在馆 |